| 000 | 00559nam a2200205 4500 | ||
|---|---|---|---|
| 010 | _a437057 | ||
| 020 | _c30.00 | ||
| 035 | _a437057 | ||
| 037 | _bCen Lib / Ret | ||
| 040 |
_aDPL _bEN |
||
| 082 |
_a020.5 _bIAS |
||
| 110 | _bIaslic | ||
| 245 | _aIaslic bulletin / | ||
| 260 |
_aCalcutta _bIASLIC _c1965 |
||
| 270 |
_aA. K. Mukherjee, Hony General Secretary IASLIC _bCalcutta |
||
| 300 |
_av 10 n 1-4. 269p ; _c25cm(Hb) |
||
| 650 | _aLibrary science | ||
| 650 | _aLibrary information serivces | ||
| 942 |
_2ddc _cEN _h020.5 _mIAS |
||
| 999 |
_c137165 _d137165 |
||